000 00419nam a2200169Ia 4500
008 230524s9999 xx 000 0 und d
020 _a9788183224789
082 _a968.065092
_bSMI
100 _aDaniel Smith
_945123
245 0 _aHow to think like Mandela
250 _a1
260 _aNew Delhi
_bManjul
_c2020
300 _a203p;
500 _aQuantity Number: 1
650 _aMiscellaneous
_91877
942 _cBK
999 _c60747
_d60747